Μοναστήρια στη Λέσβο
Saved in:
| Main Author: | |
|---|---|
| Other Authors: | , |
| Format: | Book |
| Language: | Greek |
| Published: |
Μυτιλήνη :
Υπουργείο Αιγαίου,
2001
|
| Subjects: | |
| Tags: |
Add Tag
No Tags, Be the first to tag this record!
|
MARC
| LEADER | 00000cam a2200000 i 4500 | ||
|---|---|---|---|
| 001 | 1/27456 | ||
| 008 | 020918s2001 gre d | ||
| 020 | |a 960-7859-28-6 | ||
| 035 | |l 10068438 | ||
| 040 | |a GR-MY-UA |b gre |e aacr | ||
| 041 | 0 | |a gre | |
| 082 | 0 | |a 779.820949582 | |
| 100 | 0 | |a Ασβεστάς, Γιάννης. | |
| 245 | 1 | 0 | |a Μοναστήρια στη Λέσβο / |c φωτογραφία Γιάννης Ασβεστάς; Στρατής Τσουλέλλης ; κείμενα Αθηνά-Χριστίνα Λούπου |
| 260 | |a Μυτιλήνη : |b Υπουργείο Αιγαίου, |c 2001 | ||
| 300 | |a 107 σ.; |b εικ.; |c 26 εκ. | ||
| 650 | 0 | 0 | |a Monasteries |z Greece |z Lesbos Island |x Pictorial works. |
| 650 | 0 | 0 | |a Photograph albums |z Greece |z Lesbos Island. |
| 700 | 1 | |a Τσουλέλλης, Ευστράτιος. | |
| 700 | 1 | |a Λούπου, Αθηνά-Χριστίνα. | |
| 852 | |a INST |b LESVOS |e 20020918 |h 779.820949582 ΑΣΒ |p 005100025110 |q 005100025110 |t BK |y 0 | ||
| 901 | |a BIBL1-2002-3 | ||
| 909 | |a Λ |b 099137 | ||
| 970 | |a ΚΑΜΑΤΣΟΥ |b ΔΕΣΠΟΙΝΑ |z 2002/09/18 | ||